00341nam a2200109Ia 4500008004100000082002000041100003000061245002400091260003000115630003300145650005300178211118s9999||||xx |||||||||||||| ||und|| a894.8123bRAM-S aRamakrishnan, Malayattoor 0aSirassil Varachathu bD c BooksaKottayamc1999 xMalayalam NovelGeneral Stack aMalayalam LiteraturevMalayalam FictionMalayalam